000
00238 a2200097 4500
001
57544
100
_a
245
_a
Schaum's 3000 Solved Problems In Chemistry
260
_a
Singapore
_b
Mc Graw Hill
_c
1988
090
_c
35274
_d
35274
942
_a
NUST-CAE
_c
MONOGRAPH
_c
28085
999
_c
292617
_d
292617